000 00949cam a2200301 a 4500
999 _c2604
_d2604
001 3513487
003 GZU
005 20201104092331.0
008 950512s1995 ilu b 000 0 eng
010 _a 95152876
020 _a9780495601135
040 _aDLC
_cDLC
_dDLC
043 _an-us---
050 0 0 _aHV9104
_b.S84 2008
082 0 0 _a364.3/6/0973
_220
245 0 0 _aJuvenile delinquency :
_bthe core /
_cSiegel, L.J
250 _a3rd ed.
260 _aBelmont. :
_bWadsworth,
_cc2008.
300 _avi, 443 p. ;
_c23 cm.
504 _aIncludes bibliographical references.
650 0 _aJuvenile delinquency
_zUnited States.
650 0 _aJuvenile justice, Administration of
_zUnited States.
700 1 _aWeisheit, Ralph A.
700 1 _aCulbertson, Robert G.
906 _a7
_bcbc
_corignew
_d2
_encip
_f19
_gy-gencatlg
942 _2lcc
_cBK
_e3rd ed.
_h9104
_iSIE
_kHV
_m2008